000 00385 a2200169 4500
001 46240
020 _a8508007280
040 _cAnchieta - Aquarius
100 _aCaldas, Bonifácio
240 1 0 _aO vestido da centopéia
_lpor
245 1 0 _aO vestido da centopéia
300 _a[23p.]
362 0 _a1991
440 1 _aÁtica
650 4 _aLiteratura infanto-juvenil
942 _cBK
999 _c46240
_d46240